| 000 | 00960nam a2200205Ia 4500 | ||
|---|---|---|---|
| 008 | 0000002008 sp ad 0000000000spa00 | ||
| 090 | _aPUS00 A46o | ||
| 100 | 1 | _aAlonso Berrojo, María Luisa | |
| 245 | 1 | 3 |
_aEl oleaje del tiempo _b: Lupe Ramín _c/ textos Ma Luisa Alonso Berrojo ; fotografías Javier Nombela |
| 300 |
_a[16] p. _c/ 28 cm. |
||
| 500 | _aExposición realizada en Báculo Galeria de Madrid entre el 22 de noviembre de 2007 al 10 de enero de 2008 \ Artista estadounidense, quien residió por mucho tiempo en México y después se trasladó a España \ Donación de Carlos Jiménez, 2012 | ||
| 600 | 0 | 0 |
_a RAMIN, LUPE/ _xTRABAJOS PICTORICOS |
| 650 | 1 | 4 | _a PINTURA ESTADOUNIDENSE |
| 650 | 1 | 4 | _aARTE CONTEMPORANEO ESTADOUNIDENSE |
| 650 | 1 | 4 | _aARTISTAS PLASTICOS ESTADOUNIDENSES |
| 650 | 1 | 4 | _xCATALOGOS |
| 650 | 1 | 4 | _xEXPOSICIONES |
| 650 | 1 | 4 | _aPINTORES ESTADOUNIDENSES |
| 999 |
_c14190 _d14190 |
||
| 260 |
_aMadrid : Báculo Galería de Arte _c2008 |
||